| 000 | 00774nam a2200229 4500 | ||
|---|---|---|---|
| 003 | CO-ViMGA | ||
| 008 | 180103s9999 xx 000 0 und d | ||
| 020 | _a9789585428577 | ||
| 040 |
_aCO-ViMGA _bspa _cCO-ViMGA |
||
| 090 |
_aN _bVAL1 |
||
| 100 | 1 |
_aVallejo, Fernando, _d1942- _912384 |
|
| 245 | 1 | 0 |
_a¡Llegaron! / _cFernando Vallejo |
| 250 | _aEdición especial | ||
| 260 |
_a Bogotá : _bAlfaguara : Penguin Random House, _c2017 |
||
| 300 |
_a171 páginas ; _b25 cm. |
||
| 490 | _aPlan Nacional de Lectura y Escritura Leer es mi Cuento / Ministerio de Cultura | ||
| 650 | 1 | 4 |
_a Familia En La Literatura _96005 |
| 650 | 1 | 4 |
_a Novela Colombiana _ySiglo XX _98275 |
| 650 | 1 | 4 |
_aLiteratura Colombiana _ySiglo XX _98269 |
| 650 | 1 | 4 |
_aVida Cotidiana En La Literatura _98345 |
| 942 |
_2ddc _cBK |
||
| 999 |
_c8493 _d8493 |
||